Errimina nostalgía Zortziko para guitarra

שמור ב:
מידע ביבליוגרפי
מחבר ראשי: José Antonio de San Sebastián (Author)
פורמט: ספר
שפה:אנגלית
יצא לאור: Ancona Berben 2002
סדרה:<The >Andrés Segovia Archive
נושאים:
תגים: הוספת תג
אין תגיות, היה/י הראשונ/ה לתייג את הרשומה!

MARC

LEADER 00000nam a2200000 a 4500
001 UCI1331
003 CL-VaPUC
008 070629e20020000IT |||||||||||||||||eng|d
082 0 4 |a 787.87  |b JOS  |2 21 
100 0 |a José Antonio de San Sebastián  |e author  |9 521769 
245 1 0 |a Errimina nostalgía Zortziko para guitarra 
300 |a 10 p 
942 |c BK 
945 |d 20070629 00:00:00  |a rbrito 
260 |a Ancona  |b Berben  |c 2002 
650 0 |a Música para guitarra  |9 362109 
650 0 |a Partituras  |9 324008 
583 |a last modification  |c 20070629 00:00:00  |k Rodrigo Vera 
490 0 |a <The >Andrés Segovia Archive 
999 |c 326162  |d 326160 
952 |0 0  |1 0  |4 0  |6 787_870000000000000_JOS_2002  |7 0  |8 F  |9 407905  |a BIBEDU  |b BIBEDU  |d 2019-11-22  |i 4294750  |o 787.87 JOS 2002  |p 4294750  |r 2023-11-22  |w 2019-11-22  |y BK_F  |k MUS